[Event "EU Union-ch U14"]
[Site "Kouty nad Desnou"]
[Date "2019.08.20"]
[Round "5"]
[White "Vokoun, Tomas"]
[Black "Jares, Michal"]
[Result "0-1"]
[WhiteElo "1634"]
[BlackElo "1974"]
[PlyCount "62"]
[EventDate "2019.08.16"]
[EventType "swiss"]
[EventRounds "9"]
[EventCountry "CZE"]
[SourceTitle "EXT 2020"]
[Source "ChessBase"]
[SourceDate "2019.10.17"]
[SourceVersion "1"]
[SourceVersionDate "2019.10.17"]
[SourceQuality "1"]

1. e4 c5 2. b4 d5 3. exd5 cxb4 4. a3 Nf6 5. Nf3 e6 6. Bb5+ Bd7 7. Bxd7+ Qxd7 8. dxe6 Qxe6+ 9. Qe2 Qxe2+ 10. Kxe2 Nc6 11. axb4 Bxb4 12. c3 Bd6 13. Ba3 0-0-0 14. d3 Rhe8+ 15. Kd1 Bxa3 16. Nxa3 Ne4 17. Kc2 Nxf2 18. Rhe1 Rxe1 19. Rxe1 Nxd3 20. Rd1 Nde5 21. Rxd8+ Kxd8 22. Nxe5 Nxe5 23. Nb5 a6 24. Nd6 b5 25. Ne4 Kc7 26. Kb3 Kb6 27. h3 a5 28. h4 a4+ 29. Ka2 Kc6 30. Ka3 Nc4+ 31. Kb4 Ne3 0-1

[Event "EU Union-ch U14"]
[Site "Kouty nad Desnou"]
[Date "2019.08.16"]
[Round "1"]
[White "Obada, Ema"]
[Black "Vokoun, Tomas"]
[Result "0-1"]
[WhiteElo "1971"]
[BlackElo "1634"]
[PlyCount "76"]
[EventDate "2019.08.16"]
[EventType "swiss"]
[EventRounds "9"]
[EventCountry "CZE"]
[SourceTitle "EXT 2020"]
[Source "ChessBase"]
[SourceDate "2019.10.17"]
[SourceVersion "1"]
[SourceVersionDate "2019.10.17"]
[SourceQuality "1"]

1. e4 c5 2. Nf3 e6 3. d4 cxd4 4. Nxd4 Nf6 5. Nc3 d6 6. Bd3 Be7 7. 0-0 0-0 8. Kh1 Nbd7 9. Qe2 a6 10. f4 Nc5 11. Bd2 e5 12. fxe5 dxe5 13. Nf5 Bxf5 14. Rxf5 Nxd3 15. cxd3 Qd6 16. Bg5 g6 17. Rf2 Nh5 18. Bxe7 Qxe7 19. Nd5 Qd6 20. Raf1 Rad8 21. Qg4 Nf4 22. Nxf4 exf4 23. Rxf4 Qxd3 24. h3 Qb5 25. b3 Qa5 26. Qh4 Rd7 27. a4 Qb6 28. Qg3 Qe6 29. Rh4 Rfd8 30. Kh2 Rd3 31. Qg5 Rd1 32. Rff4 Qb6 33. Rf3 Qg1+ 34. Kg3 R1d2 35. Kf4 f6 36. Qh6 g5+ 37. Kg4 Qxg2+ 38. Rg3 Qxe4+ 0-1

[Event "Morava-ch U14"]
[Site "Loucna nad Desnou"]
[Date "2017.10.29"]
[Round "9"]
[White "Vokoun, Tomas"]
[Black "Nytra, Ondrej"]
[Result "0-1"]
[WhiteElo "1465"]
[BlackElo "1953"]
[PlyCount "58"]
[EventDate "2017.10.24"]
[EventType "swiss"]
[EventRounds "9"]
[EventCountry "CZE"]
[SourceTitle "EXT 2020"]
[Source "ChessBase"]
[SourceDate "2019.10.17"]
[SourceVersion "1"]
[SourceVersionDate "2019.10.17"]
[SourceQuality "1"]

1. e4 e5 2. Nf3 Nc6 3. Nc3 Nf6 4. d4 exd4 5. Nd5 Nb4 6. Nxd4 Nxe4 7. Nf5 c6 8. Nxb4 Bxb4+ 9. c3 Qf6 10. Qf3 d5 11. Nxg7+ Qxg7 12. cxb4 Bd7 13. g3 0-0-0 14. Bg2 h5 15. Bf4 Qxb2 16. 0-0 h4 17. Rab1 Qg7 18. Qa3 Bf5 19. Qxa7 Nd6 20. Rbe1 f6 21. Bxd5 hxg3 22. Bxd6 gxf2+ 23. Kh1 Rxd6 24. Be4 fxe1Q 25. Bxf5+ Qe6 26. Bxe6+ Rxe6 27. Qa8+ Kc7 28. Qa5+ Kb8 29. Rd1 Qc7 0-1

[Event "Morava-ch U14"]
[Site "Loucna nad Desnou"]
[Date "2017.10.26"]
[Round "5"]
[White "Blaha, Marek"]
[Black "Vokoun, Tomas"]
[Result "1-0"]
[WhiteElo "1722"]
[BlackElo "1465"]
[PlyCount "76"]
[EventDate "2017.10.24"]
[EventType "swiss"]
[EventRounds "9"]
[EventCountry "CZE"]
[SourceTitle "EXT 2020"]
[Source "ChessBase"]
[SourceDate "2019.10.17"]
[SourceVersion "1"]
[SourceVersionDate "2019.10.17"]
[SourceQuality "1"]

1. e4 c5 2. Nf3 e6 3. d4 cxd4 4. Nxd4 Nf6 5. Nc3 d6 6. Be3 a6 7. Be2 Nbd7 8. 0-0 b5 9. a3 Bb7 10. f3 Be7 11. Bd3 Nc5 12. b4 Nxd3 13. cxd3 Rc8 14. Rc1 0-0 15. Nde2 d5 16. e5 Nd7 17. f4 f6 18. Nd4 Qb6 19. Nf5 Qd8 20. Nxe7+ Qxe7 21. Bd4 fxe5 22. fxe5 Qh4 23. Ne2 Rxf1+ 24. Qxf1 Rxc1 25. Qxc1 Qg4 26. Qe3 Nb8 27. h3 Qf5 28. Ba7 d4 29. Qxd4 Qg5 30. g3 Nc6 31. Qd7 Qe7 32. Qxe7 Nxe7 33. Bc5 Nd5 34. Kf2 Kf7 35. Ke1 Kg6 36. Kd2 Kf5 37. Bd6 h5 38. Nd4+ Kg6 1-0

[Event "Morava-ch U14"]
[Site "Loucna nad Desnou"]
[Date "2017.10.25"]
[Round "3"]
[White "Konderla, Matej"]
[Black "Vokoun, Tomas"]
[Result "0-1"]
[WhiteElo "1108"]
[BlackElo "1465"]
[PlyCount "50"]
[EventDate "2017.10.24"]
[EventType "swiss"]
[EventRounds "9"]
[EventCountry "CZE"]
[SourceTitle "EXT 2020"]
[Source "ChessBase"]
[SourceDate "2019.10.17"]
[SourceVersion "1"]
[SourceVersionDate "2019.10.17"]
[SourceQuality "1"]

1. e4 c5 2. Nf3 e6 3. d4 cxd4 4. Nxd4 Nf6 5. Nc3 d6 6. Be3 a6 7. Be2 b5 8. Bf3 b4 9. Nce2 Bb7 10. Ng3 Nbd7 11. 0-0 Nc5 12. Bg5 Be7 13. Re1 0-0 14. Qd2 Qb6 15. Be3 Nfxe4 16. Nxe4 Bxe4 17. Rad1 Bxf3 18. Nxf3 Rfd8 19. Bg5 Bxg5 20. Qxg5 e5 21. Nh4 Ne6 22. Qg3 Rac8 23. Rc1 Nd4 24. Qe3 Qa5 25. Qd3 Qxa2 0-1

[Event "EU Union-ch U12"]
[Site "Kouty nad Desnou"]
[Date "2017.08.23"]
[Round "5"]
[White "Vokoun, Tomas"]
[Black "Nadzamova, Viktoria"]
[Result "0-1"]
[WhiteElo "1482"]
[BlackElo "1927"]
[PlyCount "122"]
[EventDate "2017.08.19"]
[EventType "swiss"]
[EventRounds "9"]
[EventCountry "CZE"]
[SourceTitle "CBM 180 Extra"]
[Source "ChessBase"]
[SourceDate "2017.10.06"]
[SourceVersion "1"]
[SourceVersionDate "2017.10.06"]
[SourceQuality "1"]

1. e4 c5 2. b4 cxb4 3. a3 e6 4. axb4 Bxb4 5. c3 Be7 6. d4 Nf6 7. Bd3 Qc7 8. f4 a6 9. Nf3 0-0 10. 0-0 Nc6 11. Na3 Na5 12. c4 b6 13. Qe1 Nb3 14. e5 Nxa1 15. exf6 Bxf6 16. Qc3 Bb7 17. Qxa1 Rac8 18. Be3 Rfd8 19. Qb1 h6 20. d5 Qd6 21. Bxb6 Re8 22. dxe6 dxe6 23. Qb3 Qxf4 24. c5 Qb8 25. Qc2 Bd8 26. Nc4 Bxb6 27. Nxb6 Rcd8 28. Ra1 Bxf3 29. gxf3 Qe5 30. Rd1 Qe3+ 31. Kg2 Qg5+ 32. Kh1 Qf4 33. Qe2 a5 34. Qe4 Qxe4 35. fxe4 e5 36. Kg2 Re6 37. Kf2 Kf8 38. Be2 Rxd1 39. Bxd1 Ke7 40. Ba4 Rxb6 41. cxb6 Kd8 42. Bb3 Kc8 43. Bd5 f6 44. Kg3 a4 45. Kg4 g6 46. h4 h5+ 47. Kf3 g5 48. hxg5 fxg5 49. Bf7 a3 50. Ke2 Kb7 51. Kd2 Kxb6 52. Kc2 h4 53. Be6 Kc5 54. Kb3 Kd4 55. Bf5 a2 56. Kxa2 Ke3 57. Kb2 Kf4 58. Kc2 g4 59. Kd2 h3 60. Ke2 h2 61. Kf2 h1Q 0-1

[Event "EU Union-ch U12"]
[Site "Kouty nad Desnou"]
[Date "2017.08.20"]
[Round "2"]
[White "Paknyte, Elzbieta"]
[Black "Vokoun, Tomas"]
[Result "0-1"]
[WhiteElo "1269"]
[BlackElo "1482"]
[PlyCount "98"]
[EventDate "2017.08.19"]
[EventType "swiss"]
[EventRounds "9"]
[EventCountry "CZE"]
[SourceTitle "CBM 180 Extra"]
[Source "ChessBase"]
[SourceDate "2017.10.06"]
[SourceVersion "1"]
[SourceVersionDate "2017.10.06"]
[SourceQuality "1"]

1. e4 c5 2. c3 d5 3. exd5 Qxd5 4. d4 cxd4 5. cxd4 Nc6 6. Nf3 e6 7. Nc3 Bb4 8. Bf4 Nf6 9. a3 Bxc3+ 10. bxc3 Qa5 11. Qb3 0-0 12. Bd3 Re8 13. 0-0 Qd5 14. Qc2 a6 15. Bg5 h6 16. Bxf6 gxf6 17. Qd2 Qh5 18. Qf4 e5 19. Qg3+ Kh8 20. Nd2 Rg8 21. Qe3 Bh3 22. Be4 Rxg2+ 23. Bxg2 Rg8 24. Rfc1 Bxg2 25. a4 exd4 26. cxd4 Qh3 27. Qxh3 Bxh3+ 28. Kh1 Bg2+ 29. Kg1 Nxd4 30. Re1 Nc2 31. Rac1 Nxe1 32. Rxe1 Bc6+ 33. Kf1 Bxa4 34. Re3 Bb5+ 35. Ke1 Rg1+ 36. Nf1 Rxf1+ 37. Kd2 Rxf2+ 38. Ke1 Re2+ 39. Rxe2 Bxe2 40. Kxe2 Kg7 41. Kd3 b5 42. Kc3 f5 43. Kd3 b4 44. Kd2 f4 45. Kd1 f3 46. Ke1 b3 47. Kf2 b2 48. Kxf3 b1Q 49. Kg3 Qf1 0-1

[Event "CZE-ch U12"]
[Site "Kouty nad Desnou"]
[Date "2017.03.14"]
[Round "5"]
[White "Vokoun, Tomas"]
[Black "Hlavina, Matous"]
[Result "0-1"]
[WhiteElo "1394"]
[BlackElo "1704"]
[PlyCount "70"]
[EventDate "2017.03.11"]
[EventType "swiss"]
[EventRounds "9"]
[EventCountry "CZE"]
[SourceTitle "CBM 177 Extra"]
[Source "ChessBase"]
[SourceDate "2017.04.27"]
[SourceVersion "1"]
[SourceVersionDate "2017.04.27"]
[SourceQuality "1"]

1. e4 e6 2. d4 d5 3. e5 c5 4. c3 Nc6 5. Nf3 Qb6 6. a3 cxd4 7. cxd4 Nh6 8. Nc3 Nf5 9. Na4 Qc7 10. b4 Bd7 11. Bb2 Be7 12. Bd3 0-0 13. Rc1 a6 14. 0-0 Rac8 15. Bb1 Qd8 16. Nc5 Rc7 17. Qd3 g6 18. Rc3 Na7 19. Rfc1 Bb5 20. Qd1 Bc4 21. Bxf5 exf5 22. Nd2 Nb5 23. Rh3 b6 24. Na4 Rc8 25. Nxc4 dxc4 26. d5 Bg5 27. Rc2 Re8 28. Qf3 c3 29. Nxc3 Nd4 30. Qg3 f4 31. Qg4 h5 32. Rxh5 gxh5 33. Qxh5 Rxe5 34. Ne4 Rxe4 35. Rxc8 Re1# 0-1

[Event "EU Union-ch U12"]
[Site "Kouty nad Desnou"]
[Date "2016.08.13"]
[Round "8"]
[White "Vokoun, Tomas"]
[Black "Gyerpal, Adrian"]
[Result "0-1"]
[WhiteElo "1371"]
[BlackElo "1725"]
[PlyCount "76"]
[EventDate "2016.08.06"]
[EventType "swiss"]
[EventRounds "9"]
[EventCountry "CZE"]
[SourceTitle "CBM 174 Extra"]
[Source "ChessBase"]
[SourceDate "2016.10.10"]
[SourceVersion "1"]
[SourceVersionDate "2016.10.10"]
[SourceQuality "1"]

1. e4 c5 2. Nf3 Nc6 3. d4 cxd4 4. Nxd4 g6 5. Ne2 Nf6 6. Nbc3 Bg7 7. g3 0-0 8. Bg2 d6 9. 0-0 Bd7 10. h3 Qc7 11. Be3 Na5 12. b3 Rac8 13. Rc1 b6 14. a4 Nb7 15. Nb5 Qb8 16. c4 Nc5 17. Nec3 Bc6 18. Bxc5 bxc5 19. Re1 a6 20. Na3 Nd7 21. Qc2 Qb4 22. Nab1 Rfe8 23. Nd5 Bxd5 24. exd5 Bh6 25. Rcd1 Rb8 26. Nd2 Bxd2 27. Rxd2 Qxb3 28. Qxb3 Rxb3 29. Rde2 Kf8 30. Ra2 a5 31. Bf1 Rb4 32. f4 Nb6 33. Rc1 Nxa4 34. Rca1 Nb6 35. Rxa5 Nxc4 36. Bxc4 Rxc4 37. Rd1 Rb8 38. Kf2 Rc3 0-1